000 00581cab a2200205 4500
001 WB3212-58
008 090401t1996 xxu||||| |||| 00| 0 eng d
035 _a(Sirsi) u56819
041 _aeng
245 _aVAT changes for small firms
260 _c1996
350 _a0
490 _aAccountancy Age
_v14 March 1996, 5(1)
520 _aFrom 1 April small firms with turnovers of less than £100,000 will be freed from paying VAT on a monthly basis.
650 _aSMALL BUSINESSES
650 _aVALUE ADDED TAX
690 _aTAXATION
942 _n0
948 _c04/03/1997
999 _c34685
_d34685